Μητρική φροντίδα
Αποθηκεύτηκε σε:
| Κύριος συγγραφέας: | |
|---|---|
| Μορφή: | Βιβλίο |
| Γλώσσα: | Greek |
| Δημοσίευση: |
Αθήνα :
Κάκτος,
1983
|
| Θέματα: | |
| Ετικέτες: |
Προσθήκη ετικέτας
Δεν υπάρχουν, Καταχωρήστε ετικέτα πρώτοι!
|
MARC
| LEADER | 00000nam a2200000 i 4500 | ||
|---|---|---|---|
| 001 | 1/85002 | ||
| 008 | 960701s1983 gre d | ||
| 035 | |a 1987 |c Αγορά |l 10034586 | ||
| 040 | |a GR-MY-UA |b gre |e aacr | ||
| 041 | 0 | |a gre | |
| 082 | 0 | |a 155.422 | |
| 100 | 1 | |a Schaffer, H. Rudolph. | |
| 245 | 1 | 0 | |a Μητρική φροντίδα / |c Rudolph Scaffer |
| 260 | |a Αθήνα : |b Κάκτος, |c 1983 | ||
| 300 | |a 165 σ. | ||
| 650 | 0 | 0 | |a Infant psychology. |
| 650 | 0 | 0 | |a Mother and child. |
| 650 | 0 | 0 | |a Parenting. |
| 852 | |a INST |b RHODES |e 19960701 |h 155.422 SCA |p 005400004770 |q 005400004770 |t BK |y 0 | ||
| 909 | |a Ρ |b 006527 |c 1987 | ||